<?xml version="1.0" encoding="UTF-8"?>
<record
    xmlns:xsi="http://www.w3.org/2001/XMLSchema-instance"
    xsi:schemaLocation="http://www.loc.gov/MARC21/slim http://www.loc.gov/standards/marcxml/schema/MARC21slim.xsd"
    xmlns="http://www.loc.gov/MARC21/slim">

  <leader>01179nam a2200241Ia 4500</leader>
  <datafield tag="952" ind1=" " ind2=" ">
    <subfield code="0">0</subfield>
    <subfield code="1">0</subfield>
    <subfield code="4">0</subfield>
    <subfield code="7">0</subfield>
    <subfield code="a">04</subfield>
    <subfield code="b">04</subfield>
    <subfield code="d">2011-08-16</subfield>
    <subfield code="l">3</subfield>
    <subfield code="o">LB2369 L85</subfield>
    <subfield code="p">04 003518</subfield>
    <subfield code="r">2015-03-24</subfield>
    <subfield code="s">2015-03-20</subfield>
    <subfield code="t">1</subfield>
    <subfield code="w">2012-06-24</subfield>
    <subfield code="y">LB</subfield>
  </datafield>
  <datafield tag="952" ind1=" " ind2=" ">
    <subfield code="0">0</subfield>
    <subfield code="1">0</subfield>
    <subfield code="4">0</subfield>
    <subfield code="7">0</subfield>
    <subfield code="a">04</subfield>
    <subfield code="b">04</subfield>
    <subfield code="d">2011-08-16</subfield>
    <subfield code="l">0</subfield>
    <subfield code="o">LB2369 L85</subfield>
    <subfield code="p">04 003519</subfield>
    <subfield code="r">2014-01-15</subfield>
    <subfield code="t">2</subfield>
    <subfield code="w">2012-06-24</subfield>
    <subfield code="y">LB</subfield>
  </datafield>
  <datafield tag="952" ind1=" " ind2=" ">
    <subfield code="0">0</subfield>
    <subfield code="1">0</subfield>
    <subfield code="4">0</subfield>
    <subfield code="7">0</subfield>
    <subfield code="a">04</subfield>
    <subfield code="b">04</subfield>
    <subfield code="d">2014-06-23</subfield>
    <subfield code="l">4</subfield>
    <subfield code="m">1</subfield>
    <subfield code="o">LB2369 L85</subfield>
    <subfield code="p">04 004510</subfield>
    <subfield code="r">2015-05-21</subfield>
    <subfield code="s">2015-04-23</subfield>
    <subfield code="t">3</subfield>
    <subfield code="w">2014-06-23</subfield>
    <subfield code="y">LB</subfield>
  </datafield>
  <datafield tag="952" ind1=" " ind2=" ">
    <subfield code="0">0</subfield>
    <subfield code="1">0</subfield>
    <subfield code="2">lcc</subfield>
    <subfield code="4">0</subfield>
    <subfield code="7">0</subfield>
    <subfield code="a">13</subfield>
    <subfield code="b">13</subfield>
    <subfield code="d">2015-01-21</subfield>
    <subfield code="l">0</subfield>
    <subfield code="o">LB2369 L85 1996</subfield>
    <subfield code="p">13 002944</subfield>
    <subfield code="r">2015-01-21</subfield>
    <subfield code="t">1</subfield>
    <subfield code="w">2023-11-02</subfield>
    <subfield code="y">LB</subfield>
  </datafield>
  <datafield tag="999" ind1=" " ind2=" ">
    <subfield code="c">62878</subfield>
    <subfield code="d">62878</subfield>
  </datafield>
  <controlfield tag="007">ta</controlfield>
  <controlfield tag="008">120625s19962011mx            001 0 spa d</controlfield>
  <datafield tag="020" ind1=" " ind2=" ">
    <subfield code="a">9789682451614</subfield>
  </datafield>
  <datafield tag="050" ind1="1" ind2="4">
    <subfield code="a">LB2369</subfield>
    <subfield code="b">L85</subfield>
  </datafield>
  <datafield tag="100" ind1=" " ind2=" ">
    <subfield code="a">Luna Castillo, Antonio</subfield>
    <subfield code="e">autor</subfield>
  </datafield>
  <datafield tag="245" ind1="1" ind2="0">
    <subfield code="a">Metodolog&#xED;a de la tesis</subfield>
    <subfield code="c">/ Antonio Luna Castillo</subfield>
  </datafield>
  <datafield tag="260" ind1="3" ind2=" ">
    <subfield code="a">M&#xE9;xico </subfield>
    <subfield code="b">: Trillas</subfield>
    <subfield code="c">, 1996</subfield>
  </datafield>
  <datafield tag="300" ind1=" " ind2=" ">
    <subfield code="a">128p&#xE1;ginas</subfield>
    <subfield code="c">, 23 cm</subfield>
    <subfield code="b">: Ilustraciones</subfield>
  </datafield>
  <datafield tag="500" ind1=" " ind2=" ">
    <subfield code="a">Contiene Presentaci&#xF3;n, Introducci&#xF3;n, Indice, Indice An&#xE1;litico</subfield>
  </datafield>
  <datafield tag="500" ind1=" " ind2=" ">
    <subfield code="a">Reimpresi&#xF3;n, 2008, 2011</subfield>
  </datafield>
  <datafield tag="504" ind1=" " ind2=" ">
    <subfield code="a">Contiene bibliografia (pp. 123)</subfield>
  </datafield>
  <datafield tag="505" ind1="1" ind2=" ">
    <subfield code="a">Investigaci&#xF3;n cient&#xED;fica
Plan de trabajo
planteamiento del problema
Marco te&#xF3;rico
Formulaci&#xF3;n del problema y formulaci&#xF3;n de hip&#xF3;tesis
Modelo estad&#xED;stico
Recolecci&#xF3;n, procesamiento y an&#xE1;lisis de datos
Los &#xFA;ltimos datos
Ap&#xE9;ndices</subfield>
  </datafield>
  <datafield tag="519" ind1=" " ind2=" ">
    <subfield code="a">Educaci&#xF3;n Mixta /</subfield>
    <subfield code="b"> Pedagog&#xED;a / </subfield>
    <subfield code="c">Seminario de Investigaci&#xF3;n Pedagogica II (M08) /</subfield>
    <subfield code="d">(13 002944)</subfield>
  </datafield>
  <datafield tag="519" ind1=" " ind2=" ">
    <subfield code="a">Educaci&#xF3;n mixta /</subfield>
    <subfield code="b">Psicolog&#xED;a /</subfield>
    <subfield code="c">Seminario de investigaci&#xF3;n II (M05-1) /</subfield>
    <subfield code="d">(04 003518)</subfield>
  </datafield>
  <datafield tag="519" ind1=" " ind2=" ">
    <subfield code="a">Material Complementario /</subfield>
    <subfield code="d">(04 004510) (04 003519)
</subfield>
  </datafield>
  <datafield tag="650" ind1="1" ind2="0">
    <subfield code="a">TESIS </subfield>
    <subfield code="x">INVESTIGACI&#xD3;N Y METODOLOG&#xCD;A  </subfield>
  </datafield>
  <datafield tag="942" ind1=" " ind2=" ">
    <subfield code="c">LB</subfield>
  </datafield>
</record>
